La producción cinematográfica

Este manual explica, de forma clara y concisa, el proceso de producción cinematográfica, partiendo de conceptos básicos, como qué significa producir una película y la descripción de la figura del productor. Analiza además los distintos tipos de productor, el equipo de personas que intervienen en el...

Full description

Bibliographic Details
Main Author: Cabezón, Luis A.
Other Authors: Gómez-Urdá, Felix G.
Format: Libro
Language:Spanish
Published: Madrid: Cátedra, 2010.
Edition:4a ed.
Series:Signo e imagen : 51
Subjects:
Online Access:

MARC

LEADER 00000cam a22000007a 4500
003 UAHC
005 20181127162757.0
008 181126s2010 sp |||| |||| 00| 0 spa d
952 |0 0  |1 0  |2 ddc  |4 0  |6 791_430230000000000_CAB  |7 0  |8 BAS  |9 90979  |a BS  |b BS  |c General  |d 2018-11-27  |e Compra  |l 0  |o 791.43023 CAB  |p 1461494  |r 2025-11-26 00:00:00  |t c.1  |w 2018-11-27  |y BK  |A 128  |B 31 
952 |0 0  |1 0  |2 ddc  |4 0  |6 791_430230000000000_CAB  |7 0  |8 BAS  |9 90980  |a BS  |b BS  |c General  |d 2018-11-27  |e Compra  |l 2  |m 2  |o 791.43023 CAB  |p 1461495  |r 2025-11-26 00:00:00  |s 2024-04-17  |t c.2  |w 2018-11-27  |y BK  |A 128  |B 31 
999 |c 51365  |d 51365 
020 |a 9788437617046 
035 |a CENTRAL 
040 |a UAHC_CL  |c UAHC_CL  |d UAHC_CL 
082 |2 21  |a 791.43023  |b C114 
100 |9 5664  |a Cabezón, Luis A. 
245 |a La producción cinematográfica  |c Luis A. Cabezón, Félix G. Gómez-Urdá. 
250 |a 4a ed. 
260 |a Madrid:  |b Cátedra,  |c 2010. 
300 |a  265 p. 
440 |9 1353  |a Signo e imagen  |v : 51 
520 |a Este manual explica, de forma clara y concisa, el proceso de producción cinematográfica, partiendo de conceptos básicos, como qué significa producir una película y la descripción de la figura del productor. Analiza además los distintos tipos de productor, el equipo de personas que intervienen en el proceso, cómo se elabora un plan de producción, el material que debe contratarse y la función del productor una vez acabada la película. El texto se completa con una síntesis de la nueva Ley de Cinematografía.  
650 0 |9 5666  |a Cine  |x Producción y dirección 
650 0 |9 3373  |a Cine  |z España 
700 |9 5665  |a Gómez-Urdá, Felix G. 
942 |2 ddc  |c BK